| 000 | 00605nam a2200205Ia 4500 | ||
|---|---|---|---|
| 003 | OSt | ||
| 005 | 20260213121941.0 | ||
| 008 | 210210b1928 xxu||||| |||| 00| 0 eng d | ||
| 040 | _cAL | ||
| 041 | _aKannada | ||
| 082 | _a851/420 | ||
| 100 |
_aVIRUPAKSHA PANDITA _dವಿರೂಪಾಕ್ಷ ಪಂಡಿತ _9254720 |
||
| 245 |
_aChennabasaveshvara purana _b ಚೆನ್ನಬಸವೇಶ್ವರ ಪುರಾಣ |
||
| 260 |
_aBengaluru _b- _c1928 |
||
| 650 |
_apurana _9254721 |
||
| 650 |
_aChennabasaveshvara _9254722 |
||
| 690 |
_aKannada Poetry _9254723 |
||
| 906 | _a018437 | ||
| 942 |
_2ddc _cBK |
||
| 999 |
_c141886 _d141886 |
||